000 00274nam a2200109Ia 4500
008 230907s9999||||xx |||||||||||||| ||und||
082 _a697.93
_bBRA
245 0 _aFundamentals of psychrometrics /
260 _aASHRAE,
_bAtlanta, GA :
_c2016
300 _a136 p.
942 _cBK
999 _c599511
_d599511